Better planning enforcement (Record no. 117053)
[ view plain ]
| 000 -LEADER | |
|---|---|
| fixed length control field | 01227cam a2200241 4500 |
| 001 - CONTROL NUMBER | |
| control field | WB4008-14 |
| 008 - FIXED-LENGTH DATA ELEMENTS--GENERAL INFORMATION | |
| fixed length control field | 040225n2004 000 0 eng u |
| 035 ## - SYSTEM CONTROL NUMBER | |
| System control number | (Sirsi) u125228 |
| 245 ## - TITLE STATEMENT | |
| Title | Better planning enforcement |
| 260 ## - PUBLICATION, DISTRIBUTION, ETC. | |
| Date of publication, distribution, etc. | 2004 |
| 490 ## - SERIES STATEMENT | |
| Series statement | ODPM News Release |
| Volume/sequential designation | (2004-0044) 25 February 2004 (2) |
| 520 ## - SUMMARY, ETC. | |
| Summary, etc. | As a result of the ODPM's "Review of the planning enforcement system in England", an amendment has been tabled to the Planning and Compulsory Purchase Bill to enable local planning authorities to issue a temporary stop notice'at the start of unauthorised development before an enforcement notice is served. For the ODPM news release: http://www.odpm.gov.uk/pns/DisplayPN.cgi?pn_id=200 4_0044 For the full text of the Review of the Planning Enforcement System in England': http://www.odpm.gov.uk/stellent/groups/odpm_planni ng/documents/page/odpm_plan_605829.hcsp |
| 590 ## - LOCAL NOTE (RLIN) | |
| Local note | WB |
| 590 ## - LOCAL NOTE (RLIN) | |
| Local note | WB |
| 650 ## - SUBJECT ADDED ENTRY--TOPICAL TERM | |
| Topical term or geographic name entry element | PLANNING ENFORCEMENT |
| 650 ## - SUBJECT ADDED ENTRY--TOPICAL TERM | |
| Topical term or geographic name entry element | PLANNING ENFORCEMENT APPEALS |
| 650 ## - SUBJECT ADDED ENTRY--TOPICAL TERM | |
| Topical term or geographic name entry element | Compulsory purchase |
| 9 (RLIN) | 6228 |
| 650 ## - SUBJECT ADDED ENTRY--TOPICAL TERM | |
| Topical term or geographic name entry element | PLANNING SYSTEM |
| 650 ## - SUBJECT ADDED ENTRY--TOPICAL TERM | |
| Topical term or geographic name entry element | LOCAL PLANNING AUTHORITIES |
| 650 ## - SUBJECT ADDED ENTRY--TOPICAL TERM | |
| Topical term or geographic name entry element | PLANNING AND COMPULSORY PURCHASE ACT 2004 |
| 690 ## - LOCAL SUBJECT ADDED ENTRY--TOPICAL TERM (OCLC, RLIN) | |
| Topical term or geographic name as entry element | PLANNING-PLANNING LAW |
| 942 ## - ADDED ENTRY ELEMENTS (KOHA) | |
| Suppress in OPAC | 0 |
| Withdrawn status | Lost status | Source of classification or shelving scheme | Damaged status | Not for loan | Home library | Current library | Shelving location | Date acquired | Total Checkouts | Full call number | Barcode | Date last seen | Copy number | Price effective from | Koha item type |
|---|---|---|---|---|---|---|---|---|---|---|---|---|---|---|---|
| Dewey Decimal Classification | London | London | News article | 25/02/2004 | WB4008-14 | 125228-1001 | 06/08/2019 | 1 | 06/08/2019 | News article |